• 首页
  • 本馆介绍
  • 公告通知
  • 最新文献
  • 馆藏检索
  • 电子资源
  • 读者导购
  • 参考咨询
  • 我的图书馆
  • 登录
  • 详细信息显示
  • 放入我的书架
  • 预约/预借图书
  • 作者相关作品
  • 分类相关作品
  • 丛书相关作品
  • 出版社相关作品

书目信息

  • 表格格式
  • 工作单格式
  • 卡片格式
题名:
无脊椎动物学
    
 
作者: 赵汝翼 , 路顺奎 编
分册:  
出版信息: 北京   高等教育出版社  1958
页数: 326页
开本: 20cm
丛书名:
单 册:
中图分类: Q959.1
科图分类:
主题词: 无脊椎动物门
电子资源:
ISBN: 13010.466
000 00673cam0 2200241 450
001 0105436595
005 20071205095936.0
010    @a13010.466@dCNY1.60
091    @a13010.466@dCNY1.60
100    @a19970623d1958 em y0chiy0110 ea
101 0  @achi
102    @aCN@b110000
105    @ay z 000yy
106    @ar
200 1  @a无脊椎动物学@9Wu;Mo Ji Zhui;Chui Dong Wu Xue @f赵汝翼,路顺奎编@b专著
210    @a北京@c高等教育出版社@d1958
215    @a326页@d20cm
606 0  @a无脊椎动物门
690    @aQ959.1@v3
701  0 @a赵汝翼@f(1911~1995)@9zhao ru yi@4编
701  0 @a路顺奎@9lu shun kui@4编
801  0 @aCN@bAiZhiMarc
905    @aBZT@dQ959.1@e3@f1@sQ959.1/3
    
    无脊椎动物学/赵汝翼,路顺奎编.-北京:高等教育出版社,1958
    326页;20cm
    
    
    ISBN 13010.466:CNY1.60
    
●
相关链接 在五车中查询图书 在当当中查询图书 在豆瓣中查询图书


正题名:无脊椎动物学     索取号:Q959.1/3         预约/预借

序号 登录号 条形码 馆藏地/架位号 状态 备注
1 2000089658   2000089658   旧书回溯/ [索取号:Q959.1/3] 在馆    
山东省滨州职业学院图书馆 欢迎您!
大连网信软件有限公司© 版权所有